000 00458 a2200169 4500
005 20260416114317.0
008 260416b |||||||| |||| 00| 0 eng d
020 _a9781509562268
040 _cSDCL
041 _2eng
_aeng
084 _aV1:5'P R4
100 _aForst, Rainer
_9821687
245 _aThe Noumenal Republic :
_bCritical Constructivism After Kant
260 _aCambridge :
_bPolity Press,
_c2024.
300 _axi, 308p.
942 _cTEXL
_2CC
999 _c1848156
_d1848156